| 000 | 00422 a2200133 4500 | ||
|---|---|---|---|
| 001 | 93286 | ||
| 082 | _aPR 2609 | ||
| 090 |
_c44802 _d44803 |
||
| 100 | _aMuhammad Waleed Shams, Plt Off Pak No 17197: AdvisorM Irfan Aziz, Noman Riaz | ||
| 245 | _aDesign and Development of Tester for Avionics Activitation Panel (AAP) for JF-17 | ||
| 260 |
_aRisalpur _bNUST, CAE _c2015 |
||
| 300 | _aii, 56p. | ||
| 500 | _aBE Project Report | ||
| 942 |
_aCAE NUST _kPR 2609 |
||
| 999 |
_c328359 _d328359 |
||